000
00200 a2200097 4500
001
7831
100
_a
Whittlesey, D
245
_a
The earth and the state
260
_a
_b
Holt
_c
090
_c
6280
_d
6280
942
_a
NUST-CAE
_c
M
_c
32801
999
_c
242904
_d
242904